Cartas inéditas de Rufino José Cuervo a Emilio Teza (1887-1911) / (Record n. 36603)
[ formato base ]
| 000 -LEADER | |
|---|---|
| fixed length control field | 00972nam a2200229 i 4500 |
| 001 - CONTROL NUMBER | |
| control field | Rebiun00562620 |
| 003 - CONTROL NUMBER IDENTIFIER | |
| control field | IT-RoINE |
| 005 - DATE AND TIME OF LATEST TRANSACTION | |
| control field | 20220221100839.0 |
| 008 - FIXED-LENGTH DATA ELEMENTS--GENERAL INFORMATION | |
| fixed length control field | 970408s1961 sp 000 ||spa d |
| 040 ## - CATALOGING SOURCE | |
| Original cataloging agency | SpMaUCGH |
| Transcribing agency | IT-RoINE |
| Modifying agency | IT-RoINE |
| 080 ## - UNIVERSAL DECIMAL CLASSIFICATION NUMBER | |
| Universal Decimal Classification number | 929Cuervo, Rufino José |
| 100 1# - MAIN ENTRY--PERSONAL NAME | |
| Personal name | Cuervo, Rufino José, |
| Dates associated with a name | 1844-1911 |
| 9 (RLIN) | 39807 |
| 245 10 - TITLE STATEMENT | |
| Title | Cartas inéditas de Rufino José Cuervo a Emilio Teza (1887-1911) / |
| Statement of responsibility, etc | [introducción] José Ignacio Tellechea Idígoras. |
| 260 ## - PUBLICATION, DISTRIBUTION, ETC. (IMPRINT) | |
| Place of publication, distribution, etc | Madrid : |
| Name of publisher, distributor, etc | Imprenta Silverio Aguirre Torre, |
| Date of publication, distribution, etc | 1961. |
| 300 ## - PHYSICAL DESCRIPTION | |
| Extent | 166 p. ; |
| Dimensions | 24 cm. |
| 336 ## - CONTENT TYPE | |
| Source | rdacontent |
| 500 ## - GENERAL NOTE | |
| General note | Separata de: Boletín de la Real Academia Española, Tomo XLI, Cuadernos CLXII (ene.-abr. 1961), CLXIII (may-ago. 1961), CLXIV (sep.-dic.1961). |
| 600 14 - SUBJECT ADDED ENTRY--PERSONAL NAME | |
| Personal name | Cuervo, Rufino José, |
| Dates associated with a name | 1844-1911 |
| General subdivision | Correspondencia |
| 9 (RLIN) | 70931 |
| 700 1# - ADDED ENTRY--PERSONAL NAME | |
| 9 (RLIN) | 2769 |
| Personal name | Tellechea Idígoras, José Ignacio, |
| Dates associated with a name | 1928-2008 |
| 700 1# - ADDED ENTRY--PERSONAL NAME | |
| Personal name | Teza, Emilio, |
| Dates associated with a name | 1831-1912 |
| 9 (RLIN) | 70932 |
| 942 ## - ADDED ENTRY ELEMENTS (KOHA) | |
| Source of classification or shelving scheme | Iglesia Nacional Española en Roma |
| Koha item type | Monografías |
| Withdrawn status | Lost status | Source of classification or shelving scheme | Damaged status | Not for loan | Home library | Current library | Shelving location | Date acquired | Total Checkouts | Full call number | Barcode | Date last seen | Price effective from | Koha item type | Public note |
|---|---|---|---|---|---|---|---|---|---|---|---|---|---|---|---|
| Iglesia Nacional Española en Roma | Iglesia Nacional Española en Roma | Iglesia Nacional Española en Roma | Depósito | 21/02/2022 | COL.D 27.103 | 64207 | 21/02/2022 | 21/02/2022 | Monografías | P. 159-166 encuadernadas al revés. |